| 000 | 00766pam a2200241 a 4500 | ||
|---|---|---|---|
| 001 | 3431675 | ||
| 005 | 20180129074953.0 | ||
| 008 | 910220s1992 njua b 001 0 eng | ||
| 010 | _a 91010726 | ||
| 020 | _a0136781292 | ||
| 040 |
_aDLC _cDLC _dDLC |
||
| 041 | _aeng | ||
| 043 | _an-us--- | ||
| 080 | _a361.61072 emi | ||
| 082 | 0 | 0 |
_a361.61072 emi _220 |
| 100 | 1 | _a46 | |
| 101 | _aedu | ||
| 245 | 1 | 0 |
_aProgram evaluation : _cEmil J. Posavac, Raymond G. Carey. |
| 504 | _aIncludes bibliographical references (p. 303-317) and indexes. | ||
| 906 |
_a7 _bcbc _corignew _d1 _eocip _f19 _gy-gencatlg |
||
| 942 |
_2ddc _cBK |
||
| 999 |
_c41169 _d41169 |
||